000 00999nmc a2200325 a 4500
003 AR-BaBNM
005 20251128205151.0
008 011101s1992 ||||||||||||||000 | spa||
020 _a950-21-1073-0
040 _cAR-BaBNM
100 1 _aDe Gregorio de Mac, María Isabel
245 1 0 _aCoherencia y cohesión en el texto
260 _aBuenos Aires
_bPlus Ultra
_c1992
300 _a153 p.
490 0 _aDidáctica del lenguaje y la comunicación. Comunicación mixta
_vv. 15
504 _aContiene bibliografía en p. 151-153
650 4 _aANALISIS LITERARIO
650 4 _aSEMANTICA
650 4 _aANALISIS LINGUISTICO
650 4 _aTEORIA LINGUISTICA
653 _aENSENANZA DE LA LENGUA
653 _aEDUCACION SECUNDARIA
653 _aGRAMATICA TEXTUAL
653 _aCONECTORES [LINGUISTICA]
653 _aTEORIA DE LA ARGUMENTACION
700 1 _aRébola de Welti, María Cristina
800 1 _aManacorda de Rosetti, Mabel V.
_edirector
942 _cBK
998 _cLAURA
999 _c10264
_d10264